000 00405nam a2200157Ia 4500
008 221030s9999 xx 000 0 und d
020 _a8129705346
041 _aEnglish
082 _a105.23
_bLyo
100 _aR. G. Lyons
245 0 _aUnderstanding digital Signal Processing
_cby R. G. Lyons
260 _bPearson Education
_aNew Delhi
_c2004
300 _a665
650 _aBE Computer
942 _cBK
999 _c2223
_d2223